[Event "World Chess Olympiad 2018"]
[Site "Batumi"]
[Date "2018.09.25"]
[Round "2"]
[Board "2"]
[WhiteFideId "13100351"]
[White "Ralison Milanto Harifidy"]
[BlackFideId "11200235"]
[Black "Ayyad Maher"]
[Result "1/2-1/2"]
[LiveChessVersion "1.4.8"]
[BlackElo "2106"]
[WhiteElo "2281"]

1. e4 {[%clk 1:29:35]} c5 {[%clk 1:30:10]} 2. Nf3 {[%clk 1:29:56]} e6
{[%clk 1:30:34]} 3. d4 {[%clk 1:30:06]} cxd4 {[%clk 1:30:59]} 4. Nxd4
{[%clk 1:30:30]} Nf6 {[%clk 1:31:25]} 5. Bd3 {[%clk 1:30:49]} Nc6
{[%clk 1:31:40]} 6. Nf3 {[%clk 1:29:09]} d5 {[%clk 1:26:12]} 7. exd5
{[%clk 1:27:18]} exd5 {[%clk 1:24:28]} 8. O-O {[%clk 1:26:53]} Be7
{[%clk 1:24:54]} 9. c3 {[%clk 1:23:54]} O-O {[%clk 1:23:40]} 10. Nbd2
{[%clk 1:20:54]} Bg4 {[%clk 1:23:29]} 11. h3 {[%clk 1:20:45]} Bh5
{[%clk 1:23:50]} 12. Be2 {[%clk 1:18:05]} Qc7 {[%clk 1:13:17]} 13. Nb3
{[%clk 1:17:30]} Rfe8 {[%clk 1:12:57]} 14. Be3 {[%clk 1:12:20]} Rad8
{[%clk 1:12:32]} 15. Nfd4 {[%clk 1:05:50]} Bxe2 {[%clk 1:11:16]} 16. Nxe2
{[%clk 1:04:58]} Ne5 {[%clk 0:57:50]} 17. Nbd4 {[%clk 1:00:51]} Nc4
{[%clk 0:56:50]} 18. Bf4 {[%clk 1:00:05]} Qd7 {[%clk 0:56:20]} 19. Qc2
{[%clk 0:53:22]} h6 {[%clk 0:55:05]} 20. b3 {[%clk 0:50:31]} Na5 {[%clk 0:53:11]}
21. Rad1 {[%clk 0:46:33]} Bd6 {[%clk 0:46:30]} 22. Bxd6 {[%clk 0:35:17]} Qxd6
{[%clk 0:46:48]} 23. Ng3 {[%clk 0:34:58]} Qc7 {[%clk 0:46:07]} 24. Ngf5
{[%clk 0:28:50]} Nc6 {[%clk 0:41:27]} 25. Ne3 {[%clk 0:16:58]} Ne4
{[%clk 0:37:17]} 26. Nf3 {[%clk 0:12:29]} Nf6 {[%clk 0:25:59]} 27. Rd2
{[%clk 0:09:05]} Rc8 {[%clk 0:23:17]} 28. Qb2 {[%clk 0:05:14]} Ne5
{[%clk 0:22:23]} 29. Nxe5 {[%clk 0:04:01]} Qxe5 {[%clk 0:21:44]} 30. Rd4
{[%clk 0:02:28]} Ne4 {[%clk 0:14:05]} 31. Rxd5 {[%clk 0:02:14]} Qxc3
{[%clk 0:14:26]} 32. Qxc3 {[%clk 0:02:21]} Nxc3 {[%clk 0:14:29]} 33. Rd7
{[%clk 0:02:15]} Nxa2 {[%clk 0:14:10]} 34. Rxb7 {[%clk 0:02:26]} Ra8
{[%clk 0:09:55]} 35. Ra1 {[%clk 0:01:32]} Nc3 {[%clk 0:10:19]} 36. Nc4
{[%clk 0:00:46]} Kf8 {[%clk 0:07:45]} 37. Nd6 {[%clk 0:00:39]} Re7
{[%clk 0:07:55]} 38. Raxa7 {[%clk 0:00:55]} Re1+ {[%clk 0:06:59]} 39. Kh2
{[%clk 0:01:20]} Rxa7 {[%clk 0:06:46]} 40. Rxa7 {[%clk 0:31:44]} Kg8
{[%clk 0:30:37]} 41. b4 {[%clk 0:26:46]} Rb1 {[%clk 0:30:46]} 42. Rb7
{[%clk 0:26:52]} Rb2 {[%clk 0:28:46]} 43. Kg3 {[%clk 0:22:46]} f6
{[%clk 0:27:32]} 44. Nf5 {[%clk 0:19:54]} Ne4+ {[%clk 0:27:12]} 45. Kf4
{[%clk 0:18:27]} Nxf2 {[%clk 0:27:23]} 46. Rxg7+ {[%clk 0:17:22]} Kf8
{[%clk 0:26:41]} 47. Rg6 {[%clk 0:16:43]} Kf7 {[%clk 0:26:07]} 48. Rxh6
{[%clk 0:16:34]} Rxb4+ {[%clk 0:26:11]} 49. Kf3 {[%clk 0:14:25]} Ne4
{[%clk 0:24:43]} 50. h4 {[%clk 0:13:42]} Nd2+ {[%clk 0:25:02]} 51. Ke2
{[%clk 0:12:31]} Nc4 {[%clk 0:25:15]} 52. h5 {[%clk 0:12:00]} Rb2+
{[%clk 0:24:56]} 53. Kf3 {[%clk 0:09:51]} Ne5+ {[%clk 0:25:13]} 54. Kg3
{[%clk 0:09:52]} Rb3+ {[%clk 0:25:17]} 55. Kh4 {[%clk 0:09:54]} Rb4+
{[%clk 0:24:40]} 56. Kh3 {[%clk 0:09:48]} Ke6 {[%clk 0:24:38]} 57. Nh4
{[%clk 0:08:16]} Ng4 {[%clk 0:24:22]} 58. Rh8 {[%clk 0:05:06]} Nf2+
{[%clk 0:24:30]} 59. Kh2 {[%clk 0:04:39]} Rxh4+ {[%clk 0:23:32]} 60. Kg3
{[%clk 0:05:04]} Rh1 {[%clk 0:23:07]} 61. Kxf2 {[%clk 0:05:27]} Kf5
{[%clk 0:23:11]} 62. Rg8 {[%clk 0:05:21]} Ke4 {[%clk 0:22:52]} 63. Rh8
{[%clk 0:01:20]} Kf5 {[%clk 0:23:14]} 64. Rg8 {[%clk 0:00:53]} Ke4
{[%clk 0:23:28]} 65. Rg4+ {[%clk 0:00:40]} Kf5 {[%clk 0:23:32]} 66. Ra4
{[%clk 0:00:46]} Kg5 {[%clk 0:23:36]} 67. g4 {[%clk 0:00:48]} f5 {[%clk 0:23:47]}
68. gxf5 {[%clk 0:00:52]} Kxf5 {[%clk 0:23:40]} 69. Ke3 1/2-1/2

[Event "World Chess Olympiad 2018"]
[Site "Batumi"]
[Date "2018.09.25"]
[Round "2"]
[Board "1"]
[WhiteFideId "10800166"]
[White "Magana Ben"]
[BlackFideId "8700281"]
[Black "Kayonde Andrew"]
[Result "1/2-1/2"]
[LiveChessVersion "1.4.8"]
[BlackElo "2393"]
[WhiteElo "2074"]

1. e4 {[%clk 1:29:47]} c6 {[%clk 1:29:20]} 2. d4 {[%clk 1:28:50]} d5
{[%clk 1:29:27]} 3. Nc3 {[%clk 1:24:50]} dxe4 {[%clk 1:28:30]} 4. Nxe4
{[%clk 1:09:25]} Nd7 {[%clk 1:28:18]} 5. Nf3 {[%clk 1:09:03]} Ngf6
{[%clk 1:28:35]} 6. Ng3 {[%clk 1:09:04]} e6 {[%clk 1:28:52]} 7. Bd3
{[%clk 1:08:59]} c5 {[%clk 1:29:07]} 8. c3 {[%clk 1:03:50]} Bd6 {[%clk 1:20:29]}
9. O-O {[%clk 1:02:27]} O-O {[%clk 1:20:48]} 10. Re1 {[%clk 1:00:41]} Qc7
{[%clk 1:20:33]} 11. Ne4 {[%clk 0:51:46]} cxd4 {[%clk 1:09:30]} 12. Nxd6
{[%clk 0:44:35]} Qxd6 {[%clk 1:09:54]} 13. cxd4 {[%clk 0:41:30]} b6
{[%clk 1:09:09]} 14. Ne5 {[%clk 0:24:52]} Bb7 {[%clk 1:09:21]} 15. Nxd7
{[%clk 0:15:42]} Qxd7 {[%clk 1:09:29]} 16. Re3 {[%clk 0:15:37]} Rfd8
{[%clk 1:06:15]} 17. Rg3 {[%clk 0:13:14]} Qxd4 {[%clk 1:06:22]} 18. Bh6
{[%clk 0:12:53]} g6 {[%clk 1:05:19]} 19. Qe2 {[%clk 0:11:15]} Rd5
{[%clk 1:04:14]} 20. Re1 {[%clk 0:05:16]} Nh5 {[%clk 1:01:03]} 21. Re3
{[%clk 0:02:08]} Nf4 {[%clk 0:59:13]} 22. Bxf4 {[%clk 0:01:41]} Qxf4
{[%clk 0:59:35]} 23. Be4 {[%clk 0:01:53]} Rd7 {[%clk 0:59:46]} 24. Bxb7
{[%clk 0:01:20]} Rxb7 {[%clk 1:00:08]} 25. g3 {[%clk 0:01:00]} Qa4
{[%clk 1:00:19]} 26. Ra3 {[%clk 0:01:09]} Qd7 {[%clk 1:00:26]} 27. Rd1
{[%clk 0:01:20]} Qe7 {[%clk 1:00:46]} 28. Rad3 {[%clk 0:01:40]} Rc8
{[%clk 1:00:34]} 29. Qe5 {[%clk 0:00:53]} Rbc7 {[%clk 1:00:42]} 30. Kg2
{[%clk 0:00:37]} Rc5 {[%clk 1:00:55]} 31. Qe4 {[%clk 0:00:32]} Rc2
{[%clk 0:57:55]} 32. Qe5 {[%clk 0:00:32]} R2c5 {[%clk 0:56:07]} 33. Qe4
{[%clk 0:00:53]} Qf6 {[%clk 0:55:36]} 34. Rf3 {[%clk 0:00:50]} Qxb2
{[%clk 0:53:09]} 35. Rd7 {[%clk 0:00:37]} Rf8 {[%clk 0:47:39]} 36. Rxa7
{[%clk 0:00:40]} Rd5 {[%clk 0:44:43]} 37. Qc4 {[%clk 0:00:31]} Qe5
{[%clk 0:44:28]} 38. Qf4 {[%clk 0:00:34]} Qxf4 {[%clk 0:44:11]} 39. Rxf4
{[%clk 0:01:03]} Rb5 {[%clk 0:43:19]} 40. a4 {[%clk 0:31:07]} Ra5
{[%clk 1:12:16]} 41. Rb7 {[%clk 0:26:49]} g5 {[%clk 1:12:36]} 42. Rg4
{[%clk 0:18:54]} h5 {[%clk 1:12:35]} 43. Rb4 {[%clk 0:19:22]} Rfa8
{[%clk 1:12:50]} 44. Rb5 {[%clk 0:18:44]} Kg7 {[%clk 1:12:33]} 45. R7xb6
{[%clk 0:16:49]} Kf6 {[%clk 1:12:07]} 46. Rxa5 {[%clk 0:17:04]} Rxa5
{[%clk 1:12:35]} 47. Rb4 {[%clk 0:17:33]} Ke5 {[%clk 1:09:30]} 48. Kf3
{[%clk 0:16:49]} Kd5 {[%clk 1:09:09]} 49. h4 {[%clk 0:15:04]} g4+
{[%clk 1:04:42]} 50. Kf4 {[%clk 0:14:03]} f6 {[%clk 1:03:29]} 51. Ke3
{[%clk 0:07:34]} e5 {[%clk 1:02:02]} 52. Rb6 {[%clk 0:02:11]} f5 {[%clk 1:01:34]}
53. Rf6 {[%clk 0:02:26]} f4+ {[%clk 1:01:50]} 54. gxf4 {[%clk 0:02:33]} Rxa4
{[%clk 1:02:10]} 55. fxe5 {[%clk 0:02:18]} Re4+ {[%clk 1:00:24]} 56. Kd3
{[%clk 0:02:32]} Rxe5 {[%clk 1:00:34]} 57. f4 {[%clk 0:02:27]} gxf3
{[%clk 0:58:45]} 1/2-1/2

[Event "World Chess Olympiad 2018"]
[Site "Batumi"]
[Date "2018.09.25"]
[Round "2"]
[Board "3"]
[WhiteFideId "6002552"]
[White "Ho In Hei Henry"]
[BlackFideId "9700099"]
[Black "Marie Patrick"]
[Result "0-1"]
[LiveChessVersion "1.4.8"]
[BlackElo "1955"]
[WhiteElo "1797"]

1. e4 {[%clk 1:30:55]} c5 {[%clk 1:30:58]} 2. Nc3 {[%clk 1:31:19]} g6
{[%clk 1:31:04]} 3. f4 {[%clk 1:30:43]} Bg7 {[%clk 1:31:13]} 4. Nf3
{[%clk 1:31:06]} Nc6 {[%clk 1:31:42]} 5. Bb5 {[%clk 1:31:28]} Nd4
{[%clk 1:32:02]} 6. O-O {[%clk 1:31:48]} a6 {[%clk 1:30:57]} 7. Bc4
{[%clk 1:31:30]} b5 {[%clk 1:29:15]} 8. Bd5 {[%clk 1:30:53]} Rb8 {[%clk 1:29:20]}
9. e5 {[%clk 1:29:54]} e6 {[%clk 1:28:51]} 10. Be4 {[%clk 1:22:48]} d5
{[%clk 1:27:25]} 11. exd6 {[%clk 1:14:18]} Qxd6 {[%clk 1:26:52]} 12. Ne2
{[%clk 1:13:08]} Nf6 {[%clk 1:24:51]} 13. Nexd4 {[%clk 1:08:42]} Nxe4
{[%clk 1:24:41]} 14. Ne2 {[%clk 1:08:35]} c4 {[%clk 1:21:14]} 15. d3
{[%clk 0:56:57]} Qb6+ {[%clk 1:17:25]} 16. d4 {[%clk 0:55:55]} O-O
{[%clk 1:16:59]} 17. c3 {[%clk 0:54:59]} Bb7 {[%clk 1:15:16]} 18. Qe1
{[%clk 0:54:07]} a5 {[%clk 1:06:45]} 19. Ng3 {[%clk 0:45:40]} Nxg3
{[%clk 1:03:11]} 20. Qxg3 {[%clk 0:46:05]} Qc6 {[%clk 1:03:00]} 21. Bd2
{[%clk 0:42:32]} Qd5 {[%clk 1:02:16]} 22. Rae1 {[%clk 0:41:11]} Ba6
{[%clk 0:59:23]} 23. Qh4 {[%clk 0:40:02]} b4 {[%clk 0:55:14]} 24. f5
{[%clk 0:35:27]} bxc3 {[%clk 0:52:18]} 25. bxc3 {[%clk 0:34:43]} exf5
{[%clk 0:49:48]} 26. Bh6 {[%clk 0:31:43]} Rfe8 {[%clk 0:44:50]} 27. Qh3
{[%clk 0:27:14]} Bb7 {[%clk 0:44:37]} 28. Rb1 {[%clk 0:26:45]} Re2
{[%clk 0:43:19]} 29. Bxg7 {[%clk 0:23:31]} Kxg7 {[%clk 0:43:01]} 30. Qg3
{[%clk 0:20:44]} Rbe8 {[%clk 0:41:02]} 31. Rf2 {[%clk 0:19:55]} R8e3
{[%clk 0:31:33]} 32. Kf1 {[%clk 0:14:28]} Rxf2+ {[%clk 0:26:29]} 33. Qxf2
{[%clk 0:14:52]} f4 {[%clk 0:25:02]} 34. Qb2 {[%clk 0:12:04]} Rxf3+
{[%clk 0:20:50]} 35. gxf3 {[%clk 0:12:33]} Qxf3+ {[%clk 0:21:19]} 36. Ke1
{[%clk 0:13:02]} Be4 {[%clk 0:21:47]} 37. Rd1 {[%clk 0:05:13]} Qe3+
{[%clk 0:21:03]} 38. Qe2 {[%clk 0:05:30]} Qxc3+ {[%clk 0:20:56]} 39. Kf2
{[%clk 0:04:04]} f5 {[%clk 0:16:50]} 40. d5 {[%clk 0:30:34]} Kf7 {[%clk 0:42:15]}
41. d6 {[%clk 0:22:10]} Ke8 {[%clk 0:42:00]} 42. Re1 {[%clk 0:18:37]} Qd4+
{[%clk 0:40:32]} 43. Kf1 {[%clk 0:18:46]} Kd7 {[%clk 0:39:25]} 44. Qd1
{[%clk 0:13:10]} Qxd1 {[%clk 0:36:29]} 45. Rxd1 {[%clk 0:13:33]} Bd3+
{[%clk 0:36:54]} 46. Ke1 {[%clk 0:09:56]} Kxd6 {[%clk 0:37:08]} 47. Kd2
{[%clk 0:10:12]} Kd5 {[%clk 0:35:58]} 48. Re1 {[%clk 0:08:18]} Be4
{[%clk 0:33:32]} 49. Kc3 {[%clk 0:06:33]} f3 {[%clk 0:33:36]} 50. Rd1+
{[%clk 0:06:17]} Bd3 {[%clk 0:34:04]} 0-1

[Event "World Chess Olympiad 2018"]
[Site "Batumi"]
[Date "2018.09.25"]
[Round "2"]
[Board "4"]
[WhiteFideId "2023970"]
[White "Robson Ray"]
[BlackFideId "13611860"]
[Black "Kacharava Nikolozi"]
[Result "1/2-1/2"]
[LiveChessVersion "1.4.8"]
[BlackElo "2373"]
[WhiteElo "2682"]

1. e4 {[%clk 1:30:53]} e5 {[%clk 1:30:42]} 2. Nf3 {[%clk 1:31:03]} Nf6
{[%clk 1:30:55]} 3. Nxe5 {[%clk 1:31:06]} d6 {[%clk 1:31:10]} 4. Nf3
{[%clk 1:31:09]} Nxe4 {[%clk 1:31:19]} 5. Nc3 {[%clk 1:31:07]} Nxc3
{[%clk 1:31:08]} 6. dxc3 {[%clk 1:31:25]} Be7 {[%clk 1:31:03]} 7. Be3
{[%clk 1:31:34]} O-O {[%clk 1:31:10]} 8. Qd2 {[%clk 1:31:32]} Nd7
{[%clk 1:31:02]} 9. O-O-O {[%clk 1:31:20]} c6 {[%clk 1:30:52]} 10. Bd3
{[%clk 1:30:50]} d5 {[%clk 1:29:12]} 11. h4 {[%clk 1:29:49]} Nc5 {[%clk 1:25:35]}
12. Ng5 {[%clk 1:27:10]} Nxd3+ {[%clk 1:19:27]} 13. Qxd3 {[%clk 1:22:14]} g6
{[%clk 1:14:56]} 14. Rde1 {[%clk 1:03:18]} Bf5 {[%clk 1:11:02]} 15. Qe2
{[%clk 0:59:07]} Bf6 {[%clk 1:07:50]} 16. g4 {[%clk 0:57:34]} Bd7
{[%clk 1:03:49]} 17. f4 {[%clk 0:52:28]} Re8 {[%clk 1:00:01]} 18. h5
{[%clk 0:41:53]} Bxg5 {[%clk 0:54:24]} 19. fxg5 {[%clk 0:41:16]} Re4
{[%clk 0:48:58]} 20. Qf2 {[%clk 0:20:58]} Qe7 {[%clk 0:44:33]} 21. Bxa7
{[%clk 0:18:04]} Bxg4 {[%clk 0:34:29]} 22. hxg6 {[%clk 0:11:38]} Rxe1+
{[%clk 0:26:06]} 23. Rxe1 {[%clk 0:12:02]} Qxg5+ {[%clk 0:26:14]} 24. Kb1
{[%clk 0:06:25]} Qxg6 {[%clk 0:21:51]} 25. Bd4 {[%clk 0:05:58]} h5
{[%clk 0:20:00]} 26. Qf4 {[%clk 0:05:24]} Kh7 {[%clk 0:18:14]} 27. Re7
{[%clk 0:02:28]} Bf5 {[%clk 0:14:54]} 28. Qf2 {[%clk 0:01:19]} b5
{[%clk 0:11:12]} 29. Re5 {[%clk 0:01:36]} Bg4 {[%clk 0:10:19]} 30. b3
{[%clk 0:01:36]} Rf8 {[%clk 0:07:33]} 31. Re7 {[%clk 0:01:28]} Be6
{[%clk 0:07:02]} 32. Kb2 {[%clk 0:01:12]} Qf5 {[%clk 0:06:28]} 33. Qh2
{[%clk 0:00:53]} Rg8 {[%clk 0:05:46]} 34. Rc7 {[%clk 0:01:00]} Rc8
{[%clk 0:04:06]} 35. Qg3 {[%clk 0:00:45]} Rg8 {[%clk 0:03:47]} 36. Qh2
{[%clk 0:00:50]} Rc8 {[%clk 0:04:10]} 37. Rxc8 {[%clk 0:00:39]} Bxc8
{[%clk 0:04:34]} 38. Qg3 {[%clk 0:00:36]} f6 {[%clk 0:01:57]} 39. a4
{[%clk 0:00:47]} bxa4 {[%clk 0:01:42]} 40. bxa4 {[%clk 0:31:16]} Qg4
{[%clk 0:30:47]} 41. Qd6 {[%clk 0:24:09]} Qe6 {[%clk 0:26:07]} 42. Qf8
{[%clk 0:24:02]} Kg6 {[%clk 0:22:08]} 43. Bxf6 {[%clk 0:23:56]} Qxf6
{[%clk 0:21:06]} 44. Qxc8 {[%clk 0:24:06]} d4 {[%clk 0:20:03]} 45. Qe8+
{[%clk 0:23:10]} Kg5 {[%clk 0:18:07]} 46. a5 {[%clk 0:21:48]} c5 {[%clk 0:14:01]}
47. Qb5 {[%clk 0:15:24]} dxc3+ {[%clk 0:12:31]} 48. Kb3 {[%clk 0:13:47]} h4
{[%clk 0:09:53]} 49. a6 {[%clk 0:13:17]} Qe7 {[%clk 0:07:54]} 50. Qb7
{[%clk 0:10:29]} Qe6+ {[%clk 0:07:35]} 51. Kxc3 {[%clk 0:09:33]} Qe3+
{[%clk 0:06:41]} 52. Kb2 {[%clk 0:08:31]} Qd4+ {[%clk 0:05:51]} 53. Ka2
{[%clk 0:08:42]} Qc4+ {[%clk 0:05:24]} 54. Kb1 {[%clk 0:08:34]} Qf1+
{[%clk 0:05:13]} 55. Kb2 {[%clk 0:08:54]} Qf6+ {[%clk 0:05:28]} 56. Ka2
{[%clk 0:04:44]} Qe6+ {[%clk 0:05:20]} 57. Ka3 {[%clk 0:04:55]} Qe3+
{[%clk 0:05:08]} 58. Qb3 {[%clk 0:05:07]} Qe5 {[%clk 0:01:51]} 59. Ka2
{[%clk 0:05:07]} c4 {[%clk 0:01:30]} 60. Qa4 {[%clk 0:02:54]} c3 {[%clk 0:01:30]}
61. a7 {[%clk 0:02:05]} Qe6+ {[%clk 0:01:34]} 62. Ka3 {[%clk 0:02:10]} Qb6
{[%clk 0:01:46]} 63. Qd7 {[%clk 0:00:40]} Qb2+ {[%clk 0:02:06]} 64. Ka4
{[%clk 0:01:08]} Qxc2+ {[%clk 0:02:26]} 65. Kb4 {[%clk 0:01:22]} Qb2+
{[%clk 0:02:11]} 66. Kc4 {[%clk 0:01:31]} c2 {[%clk 0:02:04]} 67. Qd2+
{[%clk 0:01:28]} Kg4 {[%clk 0:01:30]} 68. Qe2+ {[%clk 0:01:28]} Kf4
{[%clk 0:01:13]} 69. Qf2+ {[%clk 0:01:23]} Ke5 {[%clk 0:00:47]} 70. Qe3+
{[%clk 0:01:04]} Kd6 {[%clk 0:00:40]} 71. Qh6+ {[%clk 0:00:46]} Kc7
{[%clk 0:00:37]} 72. Qh7+ {[%clk 0:00:40]} Kd6 {[%clk 0:00:37]} 73. Qh6+
{[%clk 0:00:49]} Kc7 {[%clk 0:00:51]} 74. Qf4+ {[%clk 0:00:44]} Kd7
{[%clk 0:00:48]} 75. Qd2+ {[%clk 0:00:33]} Ke6 {[%clk 0:00:51]} 76. Qe2+
{[%clk 0:00:39]} Kf6 {[%clk 0:00:45]} 77. Qf2+ {[%clk 0:00:48]} Kg6
{[%clk 0:00:52]} 78. Qg2+ {[%clk 0:00:54]} Kh6 {[%clk 0:01:03]} 79. Qd2+
{[%clk 0:01:00]} Kg6 {[%clk 0:01:17]} 80. Qg2+ {[%clk 0:01:18]} Kf6
{[%clk 0:01:31]} 81. Qf2+ {[%clk 0:01:33]} Ke6 {[%clk 0:01:47]} 82. Qe2+
{[%clk 0:01:47]} Kd7 {[%clk 0:01:39]} 83. Qd2+ {[%clk 0:01:32]} 1/2-1/2

[Event "World Chess Olympiad 2018"]
[Site "Batumi"]
[Date "2018.09.25"]
[Round "2"]
[Board "4"]
[WhiteFideId "2501961"]
[White "Fitzsimons David"]
[BlackFideId "4122356"]
[Black "Jakovenko Dmitry"]
[Result "1/2-1/2"]
[LiveChessVersion "1.4.8"]
[BlackElo "2747"]
[WhiteElo "2316"]

1. e4 {[%clk 1:30:58]} c5 {[%clk 1:30:56]} 2. Nf3 {[%clk 1:31:16]} d6
{[%clk 1:31:21]} 3. Bb5+ {[%clk 1:31:35]} Nd7 {[%clk 1:31:46]} 4. d4
{[%clk 1:31:42]} cxd4 {[%clk 1:32:10]} 5. Qxd4 {[%clk 1:32:07]} a6
{[%clk 1:32:35]} 6. Bxd7+ {[%clk 1:32:29]} Bxd7 {[%clk 1:33:01]} 7. c4
{[%clk 1:32:47]} Rc8 {[%clk 1:33:28]} 8. Nc3 {[%clk 1:33:02]} Bg4
{[%clk 1:33:52]} 9. Be3 {[%clk 1:32:16]} Bxf3 {[%clk 1:33:34]} 10. gxf3
{[%clk 1:32:43]} Nf6 {[%clk 1:33:52]} 11. b3 {[%clk 1:27:48]} e6 {[%clk 1:33:31]}
12. Rg1 {[%clk 1:22:14]} Nd7 {[%clk 1:33:52]} 13. f4 {[%clk 1:19:54]} Qa5
{[%clk 1:23:25]} 14. Qd2 {[%clk 1:02:47]} g6 {[%clk 1:08:40]} 15. Rc1
{[%clk 0:54:35]} Bg7 {[%clk 0:59:12]} 16. Rg5 {[%clk 0:42:57]} Qc7
{[%clk 0:56:06]} 17. Bd4 {[%clk 0:42:30]} e5 {[%clk 0:44:19]} 18. Be3
{[%clk 0:33:11]} exf4 {[%clk 0:42:40]} 19. Bxf4 {[%clk 0:33:21]} Ne5
{[%clk 0:42:09]} 20. Rg3 {[%clk 0:29:07]} O-O {[%clk 0:42:25]} 21. Nd5
{[%clk 0:29:08]} Qd8 {[%clk 0:42:09]} 22. Bg5 {[%clk 0:27:47]} f6
{[%clk 0:42:29]} 23. Be3 {[%clk 0:27:17]} Qe8 {[%clk 0:37:42]} 24. f4
{[%clk 0:16:56]} Nc6 {[%clk 0:36:42]} 25. Qg2 {[%clk 0:14:52]} f5
{[%clk 0:36:03]} 26. h4 {[%clk 0:10:16]} Qxe4 {[%clk 0:30:57]} 27. Qxe4
{[%clk 0:10:41]} fxe4 {[%clk 0:31:21]} 28. h5 {[%clk 0:11:07]} gxh5
{[%clk 0:25:45]} 29. Kf2 {[%clk 0:10:50]} Kh8 {[%clk 0:23:46]} 30. Rcg1
{[%clk 0:10:34]} Bb2 {[%clk 0:18:33]} 31. Rg5 {[%clk 0:08:07]} Rg8
{[%clk 0:16:31]} 32. Rxh5 {[%clk 0:08:13]} Rxg1 {[%clk 0:16:55]} 33. Kxg1
{[%clk 0:08:42]} b5 {[%clk 0:14:23]} 34. Rh6 {[%clk 0:05:26]} bxc4
{[%clk 0:09:08]} 35. Rxd6 {[%clk 0:05:31]} cxb3 {[%clk 0:06:09]} 36. axb3
{[%clk 0:06:00]} a5 {[%clk 0:04:40]} 37. Re6 {[%clk 0:02:35]} Rd8
{[%clk 0:03:07]} 38. Nb6 {[%clk 0:01:56]} Nd4 {[%clk 0:01:53]} 39. Rxe4
{[%clk 0:02:19]} Nxb3 {[%clk 0:02:10]} 40. Nc4 {[%clk 0:30:49]} Bc3
{[%clk 0:31:28]} 41. Re7 {[%clk 0:22:25]} Ra8 {[%clk 0:24:27]} 42. Nb6
{[%clk 0:19:27]} Ra6 {[%clk 0:24:48]} 43. Nd5 {[%clk 0:19:54]} Bb2
{[%clk 0:19:35]} 44. f5 {[%clk 0:18:43]} a4 {[%clk 0:15:30]} 45. f6
{[%clk 0:14:38]} Bxf6 {[%clk 0:15:53]} 46. Nxf6 {[%clk 0:15:05]} Rxf6
{[%clk 0:16:19]} 47. Ra7 {[%clk 0:15:29]} Rg6+ {[%clk 0:15:33]} 48. Kf2
{[%clk 0:15:55]} Rg4 {[%clk 0:15:54]} 49. Bh6 {[%clk 0:15:57]} Kg8
{[%clk 0:15:15]} 50. Kf3 {[%clk 0:16:22]} Rh4 {[%clk 0:14:28]} 51. Bf4
{[%clk 0:13:32]} Nc5 {[%clk 0:13:27]} 52. Ra5 {[%clk 0:12:56]} Rh3+
{[%clk 0:13:39]} 53. Kg4 {[%clk 0:11:00]} Rc3 {[%clk 0:13:57]} 54. Kf5
{[%clk 0:11:09]} Rc4 {[%clk 0:08:49]} 55. Bh6 {[%clk 0:10:04]} Kf7
{[%clk 0:07:57]} 56. Ra7+ {[%clk 0:10:29]} Ke8 {[%clk 0:08:16]} 57. Rxh7
{[%clk 0:07:38]} Nd7 {[%clk 0:06:47]} 58. Bg5 {[%clk 0:07:08]} Rc5+
{[%clk 0:07:05]} 59. Kf4 {[%clk 0:07:26]} Rc7 {[%clk 0:06:49]} 60. Re7+
{[%clk 0:06:10]} Kf8 {[%clk 0:07:08]} 61. Re2 {[%clk 0:04:02]} Kf7
{[%clk 0:05:51]} 62. Re7+ {[%clk 0:04:19]} Kf8 {[%clk 0:06:10]} 63. Re2
{[%clk 0:04:45]} Nb6 {[%clk 0:05:56]} 64. Rb2 {[%clk 0:03:26]} Rc4+
{[%clk 0:04:03]} 65. Ke3 {[%clk 0:03:35]} Nd5+ {[%clk 0:04:11]} 66. Kd3
{[%clk 0:04:01]} Rg4 {[%clk 0:04:35]} 67. Bd2 {[%clk 0:04:08]} Ke7
{[%clk 0:04:56]} 68. Rb7+ {[%clk 0:04:13]} Kd6 {[%clk 0:05:18]} 69. Ra7
{[%clk 0:04:31]} Nc7 {[%clk 0:04:36]} 70. Ra5 {[%clk 0:04:10]} Kc6
{[%clk 0:04:13]} 71. Be3 {[%clk 0:03:12]} Nb5 {[%clk 0:03:00]} 72. Ra6+
{[%clk 0:03:32]} Kd5 {[%clk 0:03:24]} 73. Ra5 {[%clk 0:03:50]} Kc6
{[%clk 0:03:25]} 74. Ra6+ {[%clk 0:04:16]} Kc7 {[%clk 0:02:53]} 75. Ra5
{[%clk 0:04:32]} Rb4 {[%clk 0:03:13]} 76. Bc5 {[%clk 0:04:34]} Rb3+
{[%clk 0:03:17]} 77. Kc4 {[%clk 0:04:53]} Nd6+ {[%clk 0:03:38]} 78. Bxd6+
{[%clk 0:05:18]} Kxd6 {[%clk 0:04:04]} 79. Rxa4 {[%clk 0:05:42]} 1/2-1/2

[Event "World Chess Olympiad 2018"]
[Site "Batumi"]
[Date "2018.09.25"]
[Round "2"]
[Board "3"]
[WhiteFideId "10804714"]
[White "Methu Joseph Muragu"]
[BlackFideId "8701709"]
[Black "Kaulule Siame Kela"]
[Result "0-1"]
[LiveChessVersion "1.4.8"]
[BlackElo "2160"]
[WhiteElo "2041"]

1. d4 {[%clk 1:29:07]} d5 {[%clk 1:30:50]} 2. c4 {[%clk 1:29:31]} e6
{[%clk 1:31:07]} 3. Nc3 {[%clk 1:29:45]} c6 {[%clk 1:31:21]} 4. e4
{[%clk 1:30:02]} dxe4 {[%clk 1:30:55]} 5. Nxe4 {[%clk 1:28:02]} Nd7
{[%clk 1:24:26]} 6. Nf3 {[%clk 1:25:03]} Ngf6 {[%clk 1:18:29]} 7. Nxf6+
{[%clk 1:20:32]} Nxf6 {[%clk 1:18:21]} 8. Bd3 {[%clk 1:20:51]} Be7
{[%clk 1:17:32]} 9. O-O {[%clk 1:09:56]} O-O {[%clk 1:16:43]} 10. Qe2
{[%clk 1:08:01]} b6 {[%clk 1:12:24]} 11. Rd1 {[%clk 1:07:05]} Qc7
{[%clk 1:11:41]} 12. Bg5 {[%clk 1:07:13]} Bb7 {[%clk 1:11:12]} 13. Bh4
{[%clk 1:06:18]} c5 {[%clk 1:09:10]} 14. Bg3 {[%clk 1:05:12]} Bd6
{[%clk 1:07:38]} 15. Bh4 {[%clk 0:53:36]} Ne8 {[%clk 0:49:01]} 16. Be4
{[%clk 0:47:12]} Rc8 {[%clk 0:37:37]} 17. dxc5 {[%clk 0:45:47]} Bxc5
{[%clk 0:35:45]} 18. Bg3 {[%clk 0:37:02]} Qe7 {[%clk 0:35:37]} 19. Ne5
{[%clk 0:33:31]} Bxe4 {[%clk 0:32:35]} 20. Qxe4 {[%clk 0:33:54]} f5
{[%clk 0:29:32]} 21. Qh4 {[%clk 0:25:28]} f4 {[%clk 0:22:34]} 22. Rd7
{[%clk 0:19:22]} Qf6 {[%clk 0:21:51]} 23. Ng4 {[%clk 0:01:43]} Qxb2
{[%clk 0:20:40]} 24. Rf1 {[%clk 0:01:17]} fxg3 {[%clk 0:17:53]} 25. Qxg3
{[%clk 0:01:01]} Kh8 {[%clk 0:17:11]} 26. h4 {[%clk 0:00:37]} Nf6
{[%clk 0:12:00]} 27. Rxa7 {[%clk 0:00:33]} Nxg4 {[%clk 0:11:33]} 28. Qxg4
{[%clk 0:01:02]} Rxf2 {[%clk 0:11:18]} 29. Rxf2 {[%clk 0:00:34]} Qxf2+
{[%clk 0:09:29]} 30. Kh2 {[%clk 0:00:57]} Qg1+ {[%clk 0:08:59]} 31. Kh3
{[%clk 0:00:36]} Qh1+ {[%clk 0:09:11]} 32. Kg3 {[%clk 0:00:41]} Bd6+
{[%clk 0:09:07]} 33. Kf2 {[%clk 0:00:39]} Rf8+ {[%clk 0:08:16]} 34. Ke3
{[%clk 0:00:43]} Bc5+ {[%clk 0:08:11]} 35. Kd3 {[%clk 0:00:52]} Qb1+
{[%clk 0:05:41]} 36. Kc3 {[%clk 0:00:45]} Qe1+ {[%clk 0:04:15]} 0-1